-
SIDDIQUI, ANEES. AHMAD AND ALI, MOHAMMED
Entry Personal Name
Number of records used in: 1
001 - CONTROL NUMBER
003 - CONTROL NUMBER IDENTIFIER
005 - DATE AND TIME OF LATEST TRANSACTION
- control field:
20220208143553.0
008 - FIXED-LENGTH DATA ELEMENTS
- fixed length control field:
220208|| aca||aabn | a|a d
040 ## - CATALOGING SOURCE
- Original cataloging agency:
OSt
- Transcribing agency:
OSt
100 ## - HEADING--PERSONAL NAME
- Personal name:
SIDDIQUI, ANEES. AHMAD AND ALI, MOHAMMED
670 ## - SOURCE DATA FOUND
- Source citation:
Work cat.: (OSt): SIDDIQUI, ANEES. AHMAD AND ALI, MOHAMMED, PRACTICAL PHARMACEUTICAL CHEMISTRY